000 00745cam a2200181 i 4500
005 20260119121244.0
008 250721s9999 jo gr 000 0 ara d
082 1 4 _a331.137
_bد و ر
245 0 0 _aدور المشاريع الصغيرة في الحد من الفقر والبطالة في الأردن /
_cتحرير الدكتور موسى شتيوي ؛ المشاركون د. حسين شخاترة [واربعة آخرون].
250 _aالطبعة الاولى.
264 3 1 _aعمان :
_bدار قنديل للنشر،
_c2002.
300 _a211 صفحة.
650 1 7 _aالبطالة.
650 1 7 _aمحاربة الفقر.
650 1 7 _aالمؤسسات الخيرية.
942 _2ddc
_cBK
999 _c81876
_d81876